000 01206cam a2200313 4500
001
008 040329n2004 000 0 eng u
020 _a1859461441
035 _a(Sirsi) u125644
041 _aeng
050 _a725.54
_c18
100 _aLacey, Andrew
245 _aGood loo design guide
260 _aLondon
_bRIBA
_c2004
300 _a50p.
_bill
_c30cm.
350 _a20
520 _aThis guide provides factual advice about the planning, design, distribution and management of toilet facilities in buildings. Looks at key legislation, user needs, level of provision, design principles, layouts, design detail, and management issues. Includes lists of publications and organisations.
650 _aDESIGN GUIDANCE
650 _aDISABILITY DISCRIMINATION ACT 1995
650 _aBUILDING REGULATIONS 2000 APPROVED DOCUMENT M (2004 EDITION)
650 _aBS 8300: 2001
650 _aBATHROOMS
650 _aMANAGEMENT-BUSINESS MANAGEMENT-DISCRIMINATION-DISABILITY DISCRIMINATION-ACCESSIBILITY
650 _aTOILETS
690 _aBUILT ENVIRONMENT-CONSTRUCTION DESIGN
710 _aRIBA Enterprises
_94631
710 _aCentre for Accessible Environments
942 _n0
999 _c103449
_d103449